Dohoda o skončení pracovného pomeru z hľadiska podstatných náležitostí

Analýza problematiky spojenej s dohodou o skončení pracovného pomeru na základe ustálenej judikatúry, ktorá poukazuje na možné aplikačné problémy, ktoré spôsobujú neplatnosť tohto dvojstranného právneho úkonu účastníkov pracovnoprávneho vzťahu.

Salvato in:
Dettagli Bibliografici
Autore principale: Holub, Dušan
Natura: Capitolo di libro
Lingua:slovacco
Soggetti:
Tags: Aggiungi Tag
Nessun Tag, puoi essere il primo ad aggiungerne!!

MARC

LEADER 00000naa a2200000 4500
001 0238868
005 20240502073851.1
041 0 |a slo 
044 |a SK 
245 1 0 |a Dohoda o skončení pracovného pomeru z hľadiska podstatných náležitostí  |c Dušan Holub 
520 |a Analýza problematiky spojenej s dohodou o skončení pracovného pomeru na základe ustálenej judikatúry, ktorá poukazuje na možné aplikačné problémy, ktoré spôsobujú neplatnosť tohto dvojstranného právneho úkonu účastníkov pracovnoprávneho vzťahu. 
610 2 0 |a pomer pracovný 
610 2 0 |a vzťahy pracovnoprávne 
610 2 0 |a zákonník práce 
610 2 0 |a zmluvy pracovné 
100 1 |a Holub, Dušan